<?xml version="1.0" encoding="UTF-8"?>
<record
    xmlns:xsi="http://www.w3.org/2001/XMLSchema-instance"
    xsi:schemaLocation="http://www.loc.gov/MARC21/slim http://www.loc.gov/standards/marcxml/schema/MARC21slim.xsd"
    xmlns="http://www.loc.gov/MARC21/slim">

  <leader>01983nam a2200409Ia 4500</leader>
  <controlfield tag="001">dia_5843</controlfield>
  <controlfield tag="003">CHAP</controlfield>
  <controlfield tag="005">20251126122949.0</controlfield>
  <controlfield tag="007">ta</controlfield>
  <controlfield tag="008">220117s2005    mx ae  f      001 0 spa d</controlfield>
  <datafield tag="040" ind1=" " ind2=" ">
    <subfield code="a">mxchpua</subfield>
    <subfield code="c">CHAP</subfield>
  </datafield>
  <datafield tag="090" ind1=" " ind2=" ">
    <subfield code="a">T.C.653 </subfield>
    <subfield code="b">E87 ETIPA </subfield>
    <subfield code="c">2005</subfield>
  </datafield>
  <datafield tag="245" ind1="1" ind2="0">
    <subfield code="a">Juguera del Tr&#xF3;pico, S. A. /</subfield>
    <subfield code="c">coordinador Teodoro Espinosa Solares ; colaboradores Ram&#xF3;n Huerta Zurita...[et al.]</subfield>
  </datafield>
  <datafield tag="260" ind1=" " ind2=" ">
    <subfield code="a">M&#xE9;xico :</subfield>
    <subfield code="b">El autor,</subfield>
    <subfield code="c">2005</subfield>
  </datafield>
  <datafield tag="300" ind1=" " ind2=" ">
    <subfield code="a">4 planos</subfield>
  </datafield>
  <datafield tag="336" ind1=" " ind2=" ">
    <subfield code="2">rdacontent</subfield>
    <subfield code="a">texto</subfield>
    <subfield code="b">txt</subfield>
  </datafield>
  <datafield tag="337" ind1=" " ind2=" ">
    <subfield code="2">rdamedia</subfield>
    <subfield code="a">no mediado</subfield>
    <subfield code="b">n</subfield>
  </datafield>
  <datafield tag="338" ind1=" " ind2=" ">
    <subfield code="2">rdacarrier</subfield>
    <subfield code="a">volumen</subfield>
    <subfield code="b">nc</subfield>
  </datafield>
  <datafield tag="500" ind1=" " ind2=" ">
    <subfield code="a">Grado: 7&#xB0; a&#xF1;o Grupo. 03
Solo contiene planos</subfield>
  </datafield>
  <datafield tag="502" ind1=" " ind2=" ">
    <subfield code="a">Viaje de estudios </subfield>
    <subfield code="b">(ETIPA) -- </subfield>
    <subfield code="c">UACh. Departamento de Ingenier&#xED;a Agroindustrial, </subfield>
    <subfield code="d">2005</subfield>
  </datafield>
  <datafield tag="505" ind1="0" ind2="0">
    <subfield code="a">Contiene 4 planos : --
1.Diagrama de flujo de jugo de naranja  --
2.Diagrama de tuber&#xED;a e instrumentaci&#xF3;n de un pasteurizador de placas para jugos --
3.Diagrama de flujo de jugo de naranja --
4.Plano de distribuci&#xF3;n de &#xE1;reas, Juguera del Tr&#xF3;pico, S. A. (Esc. 1:250)</subfield>
  </datafield>
  <datafield tag="650" ind1="1" ind2="3">
    <subfield code="a">Industria de bebidas  </subfield>
    <subfield code="9">159625</subfield>
  </datafield>
  <datafield tag="650" ind1="1" ind2="3">
    <subfield code="a">Jugo de naranja  </subfield>
    <subfield code="9">62290</subfield>
  </datafield>
  <datafield tag="650" ind1="1" ind2="3">
    <subfield code="a">Beverage industry  </subfield>
    <subfield code="9">159624</subfield>
  </datafield>
  <datafield tag="650" ind1="1" ind2="3">
    <subfield code="a">Orange juice</subfield>
    <subfield code="9">148872</subfield>
  </datafield>
  <datafield tag="700" ind1="1" ind2=" ">
    <subfield code="a">Espinosa Solares, Teodoro</subfield>
    <subfield code="9">153069</subfield>
    <subfield code="e">coordinador</subfield>
  </datafield>
  <datafield tag="700" ind1="1" ind2=" ">
    <subfield code="a">Huerta Zurita, Ram&#xF3;n</subfield>
    <subfield code="9">56720</subfield>
    <subfield code="e">colaborador</subfield>
  </datafield>
  <datafield tag="856" ind1="4" ind2="2">
    <subfield code="u">http://10.13.5.2/ve/TC653ETIPA/TC653ETIPA2005-PLANO-DIAGRAMADEFLUJODEJUGODENARANJA.pdf</subfield>
    <subfield code="y">DESCARGAR PLANO DE DIAGRAMA DE JUGO DE NARANJA </subfield>
  </datafield>
  <datafield tag="856" ind1="4" ind2="2">
    <subfield code="u">http://10.13.5.2/ve/TC653ETIPA/TC653ETIPA2005-PLANO-DIAGRAMADEFLUJODEJUGODENARANJA2.pdf</subfield>
    <subfield code="y">DESCARGAR PLANO DE DIAGRAMA DE FLUJO DE JUGO DE NARANJA 2</subfield>
  </datafield>
  <datafield tag="856" ind1="4" ind2="2">
    <subfield code="u">http://10.13.5.2/ve/TC653ETIPA/TC653ETIPA2005-PLANO-DISTRIBUCIONDEAREAS.pdf</subfield>
    <subfield code="y">DESCARGAR PLANO DE DISTRIBUCI&#xD3;N DE &#xC1;REAS </subfield>
  </datafield>
  <datafield tag="901" ind1=" " ind2=" ">
    <subfield code="a">T.C.653 E87 ETIPA 2005</subfield>
  </datafield>
  <datafield tag="902" ind1=" " ind2=" ">
    <subfield code="a">M</subfield>
  </datafield>
  <datafield tag="905" ind1=" " ind2=" ">
    <subfield code="a">5232272005                          mx el  8223123322spa16</subfield>
  </datafield>
  <datafield tag="942" ind1=" " ind2=" ">
    <subfield code="2">local</subfield>
  </datafield>
  <datafield tag="942" ind1=" " ind2=" ">
    <subfield code="c">VE</subfield>
  </datafield>
  <datafield tag="999" ind1=" " ind2=" ">
    <subfield code="c">176859</subfield>
    <subfield code="d">176859</subfield>
  </datafield>
  <datafield tag="952" ind1=" " ind2=" ">
    <subfield code="0">0</subfield>
    <subfield code="1">0</subfield>
    <subfield code="2">local</subfield>
    <subfield code="4">0</subfield>
    <subfield code="5">1</subfield>
    <subfield code="7">0</subfield>
    <subfield code="8">VE</subfield>
    <subfield code="a">IA_</subfield>
    <subfield code="b">IA_</subfield>
    <subfield code="d">2022-01-18</subfield>
    <subfield code="e">El autor</subfield>
    <subfield code="l">0</subfield>
    <subfield code="o">T.C.653 E87 ETIPA 2005</subfield>
    <subfield code="p">1106008994</subfield>
    <subfield code="r">2022-01-18 00:00:00</subfield>
    <subfield code="t">Ej.2</subfield>
    <subfield code="w">2022-01-18</subfield>
    <subfield code="y">CD</subfield>
  </datafield>
  <datafield tag="952" ind1=" " ind2=" ">
    <subfield code="0">0</subfield>
    <subfield code="1">0</subfield>
    <subfield code="2">local</subfield>
    <subfield code="4">0</subfield>
    <subfield code="5">1</subfield>
    <subfield code="7">0</subfield>
    <subfield code="8">VE</subfield>
    <subfield code="a">IA_</subfield>
    <subfield code="b">IA_</subfield>
    <subfield code="d">2022-01-18</subfield>
    <subfield code="e">El autor</subfield>
    <subfield code="l">0</subfield>
    <subfield code="o">T.C.653 E87 ETIPA 2005</subfield>
    <subfield code="p">1106008993</subfield>
    <subfield code="r">2026-01-26 00:00:00</subfield>
    <subfield code="t">Ej.1</subfield>
    <subfield code="w">2022-01-18</subfield>
    <subfield code="y">VE</subfield>
  </datafield>
  <datafield tag="952" ind1=" " ind2=" ">
    <subfield code="0">0</subfield>
    <subfield code="1">0</subfield>
    <subfield code="2">local</subfield>
    <subfield code="4">0</subfield>
    <subfield code="7">0</subfield>
    <subfield code="8">VEE</subfield>
    <subfield code="a">IA_</subfield>
    <subfield code="b">IA_</subfield>
    <subfield code="c">E_L</subfield>
    <subfield code="d">2022-01-18</subfield>
    <subfield code="e">El autor</subfield>
    <subfield code="l">0</subfield>
    <subfield code="o">T.C.653 E87 ETIPA 2005</subfield>
    <subfield code="p">1206008993</subfield>
    <subfield code="r">2024-04-22 00:00:00</subfield>
    <subfield code="w">2024-04-22</subfield>
    <subfield code="y">VEE</subfield>
  </datafield>
</record>
